Powiaty województwa łódzkiego - Nagła Śmierć - Statystyki

Ogólne statystyki
  • Ten quiz został rozwiązany 522 razy
  • Średni wynik to 11 z 24
Answers on the Grid
Answers color-coded by a green-red scale on the quiz's grid according to % correct below.
Łódź
Piotrków Trybunalski
Skierniewice
Bełchatowski
Brzeziński
Kutnowski
Łaski
Łęczycki
Łowicki
Łódzki wschodni
Opoczyński
Pabianicki
Pajęczański
Piotrkowski
Poddębicki
Radomszczański
Rawski
Sieradzki
Skierniewicki
Tomaszowski
Wieluński
Wieruszowski
Zduńskowolski
Zgierski
Kluczborski
Oleski
Namysłowski
Kłobucki
Konecki
Włoszczowski
Przysuski
Grójecki
Sochaczewski
Gostyniński
Żyrardowski
Włocławski
Włocławek
Kolski
Turecki
Kaliski
Kalisz
Ostrzeszowski
Ostrowski
Konin
Koniński
Aleksandrowski
Brzozowski
Łęczyński
Łosicki
Dębicki
 
Statystyki odpowiedzi
Odpowiedź % Poprawnych
Łódź
67%
Piotrków Trybunalski
58%
Piotrkowski
54%
Bełchatowski
53%
Pabianicki
53%
Łódzki wschodni
52%
Skierniewicki
52%
Kutnowski
50%
Zgierski
49%
Sieradzki
48%
Tomaszowski
48%
Łowicki
47%
Wieluński
47%
Skierniewice
46%
Zduńskowolski
45%
Radomszczański
42%
Pajęczański
40%
Opoczyński
39%
Łaski
38%
Łęczycki
38%
Poddębicki
38%
Rawski
38%
Brzeziński
36%
Wieruszowski
33%
Nie znaleziono quizów pasujących do podanych kryteriów
Rozkład punktacji
Procent ludzi z każdym wynikiem
Percentyl według liczby udzielonych odpowiedzi
Twoja historia wyników
Nie rozwiązałeś tego quizu